An introduction to theory and reasoning in nursing / (Record no. 275875)
[ view plain ]
| 000 -LEADER | |
|---|---|
| fixed length control field | 01678cam a2200349 i 4500 |
| 001 - CONTROL NUMBER | |
| control field | 17842419 |
| 005 - DATE AND TIME OF LATEST TRANSACTION | |
| control field | 20140925134931.0 |
| 008 - FIXED-LENGTH DATA ELEMENTS--GENERAL INFORMATION | |
| fixed length control field | 130731t20152015paua b 001 0 eng |
| 010 ## - LIBRARY OF CONGRESS CONTROL NUMBER | |
| LC control number | 2013030734 |
| 020 ## - INTERNATIONAL STANDARD BOOK NUMBER | |
| International Standard Book Number | 9781451190359 (alk. paper) |
| 020 ## - INTERNATIONAL STANDARD BOOK NUMBER | |
| International Standard Book Number | 1451190352 (alk. paper) |
| 035 ## - SYSTEM CONTROL NUMBER | |
| System control number | (DNLM)101613807 |
| 040 ## - CATALOGING SOURCE | |
| Original cataloging agency | DNLM/DLC |
| Transcribing agency | DLC |
| Description conventions | rda |
| Modifying agency | DLC |
| 042 ## - AUTHENTICATION CODE | |
| Authentication code | pcc |
| 050 00 - LIBRARY OF CONGRESS CALL NUMBER | |
| Classification number | RT 84.5 |
| Item number | .J637 2015 |
| 060 10 - NATIONAL LIBRARY OF MEDICINE CALL NUMBER | |
| Classification number | WY 86 |
| 082 00 - DEWEY DECIMAL CLASSIFICATION NUMBER | |
| Classification number | 610.73/01 |
| 100 1# - MAIN ENTRY--PERSONAL NAME | |
| Personal name | Johnson, Betty M., |
| Relator term | author. |
| 245 13 - TITLE STATEMENT | |
| Title | An introduction to theory and reasoning in nursing / |
| Statement of responsibility, etc | Betty M. Johnson, PhD, Professor Emeritus and Former Chair, Department of Nursing, The University of Virginia's College at Wise, Wise, Virginia, Pamela B. Webber, PhD, APRN, BC, FNP, Professor, Division of Nursing, Shenandoah University, Winchester Virginia. |
| 250 ## - EDITION STATEMENT | |
| Edition statement | 4th ed. |
| 260 ## - PUBLICATION, DISTRIBUTION, ETC. (IMPRINT) | |
| Place of publication, distribution, etc | Philadelphia : |
| Name of publisher, distributor, etc | Wolters Kluwer/Lippincott Williams & Wilkins Health, |
| Date of publication, distribution, etc | c2015. |
| 300 ## - PHYSICAL DESCRIPTION | |
| Extent | xxiii, 340 pages : |
| Other physical details | illustrations (some color) ; |
| Dimensions | 23 cm. |
| 504 ## - BIBLIOGRAPHY, ETC. NOTE | |
| Bibliography, etc | Includes bibliographical references and index. |
| 505 0# - FORMATTED CONTENTS NOTE | |
| Formatted contents note | An introduction -- Language, meanings, structure, and relationships -- Theory, research, and reasoning -- Reasoning and technology -- Support theory -- Foundations of nursing theory -- Nursing theory -- Theory evaluation -- Introduction to research -- Theory and practice -- Multidisciplinary theory -- The future. |
| 650 #0 - SUBJECT ADDED ENTRY--TOPICAL TERM | |
| Topical term or geographic name as entry element | Nursing |
| General subdivision | Philosophy |
| 650 12 - SUBJECT ADDED ENTRY--TOPICAL TERM | |
| Topical term or geographic name as entry element | Nursing Theory. |
| 650 22 - SUBJECT ADDED ENTRY--TOPICAL TERM | |
| Topical term or geographic name as entry element | Philosophy, Nursing. |
| 700 1# - ADDED ENTRY--PERSONAL NAME | |
| Personal name | Webber, Pamela Bayliss, |
| Relator term | author. |
| 906 ## - LOCAL DATA ELEMENT F, LDF (RLIN) | |
| a | 7 |
| b | cbc |
| c | orignew |
| d | 1 |
| e | ecip |
| f | 20 |
| g | y-gencatlg |
| 942 ## - ADDED ENTRY ELEMENTS (KOHA) | |
| Source of classification or shelving scheme | Library of Congress Classification |
| Koha item type | Books |
| Call number prefix | Foreign |
| Withdrawn status | Lost status | Source of classification or shelving scheme | Damaged status | Home library | Current library | Shelving location | Date acquired | Source of acquisition | Total Checkouts | Full call number | Barcode | Date last seen | Price effective from | Koha item type | Total Renewals | Date checked out |
|---|---|---|---|---|---|---|---|---|---|---|---|---|---|---|---|---|
| Library of Congress Classification | College Library | College Library | Reserve Section | 09/25/2014 | Library Fund | RT 84.5 .J637 2015 | C18650 | 05/15/2018 | 09/25/2014 | Books | ||||||
| Library of Congress Classification | College Library | College Library | Reserve Section | 09/25/2014 | Library Fund | 2 | RT 84.5 .J637 2015 | C18651 | 05/02/2019 | 09/25/2014 | Books | 3 | 04/25/2019 |